00697 2200205 4500245011000000250001100110700002000121700001000141650001300151650001700164650001700181650001100198650001900209005001900228260000900247041001400256084000800270500020400278336000900482 aKoleksi Karya Siswa Kelas X Perhotelan 2023 b : Hospitality 26 Excellent ServicecDania RahmawatihText aCet. 1 aDania Rahmawati aAbiyo aTeks LHO aTeks Anekdot aTeks Hikayat aCerpen aTeks Negosiasi a20240124084608 c2023 aIndonesia a081 aKarya siswa kelas X Pemasaran tahun 2023 yang berisi materi tentang teks LHO, teks anekdot, teks hikayat, cerpen, teks negosiasi dan lain sebagainya. Disusun dengan membuat tim bagian tiap materinya. atext